[Event "ODJM B 2023"]
[Site "Willingen GER"]
[Date "2023.05.29"]
[Round "3"]
[White "Groessing, Daniel-Yosuke"]
[Black "Stepanjan, Tatevik Mia"]
[Result "1-0"]
[Termination "normal"]
[Board "12"]
[WhiteElo "1615"]
[BlackElo "1206"]
[WhiteClock "00:17:48"]
[BlackClock "00:00:31"]
[PlyCount "69"]
[WhiteFideId "1682237"]
[BlackFideId "16246128"]
[EventCountry "GER"]
[EventRounds "9"]
[EventType "swiss"]
[EventDate "2023.05.27"]

1. d4 {[%clk 01:30:47]} {[%emt 00:00:11]} d5 {[%clk 01:30:33]} {[%emt
00:00:28]} 2. c4 {[%clk 01:31:05]} {[%emt 00:00:11]} e6 {[%clk 01:30:43]}
{[%emt 00:00:21]} 3. Nc3 {[%clk 01:31:29]} {[%emt 00:00:05]} Nf6 {[%clk
01:30:52]} {[%emt 00:00:21]} 4. Bg5 {[%clk 01:31:50]} {[%emt 00:00:09]} Bb4
{[%clk 01:30:30]} {[%emt 00:00:54]} 5. a3 {[%clk 01:30:39]} {[%emt 00:01:40]}
Bxc3+ {[%clk 01:30:30]} {[%emt 00:00:29]} 6. bxc3 {[%clk 01:31:04]} {[%emt
00:00:06]} b6 {[%clk 01:30:16]} {[%emt 00:00:44]} 7. cxd5 {[%clk 01:29:30]}
{[%emt 00:02:03]} exd5 {[%clk 01:30:26]} {[%emt 00:00:20]} 8. e3 {[%clk
01:29:38]} {[%emt 00:00:23]} a6 {[%clk 01:29:25]} {[%emt 00:01:32]} 9. Bd3
{[%clk 01:28:35]} {[%emt 00:01:32]} Be6 {[%clk 01:23:41]} {[%emt 00:06:14]} 10.
h3 {[%clk 01:26:27]} {[%emt 00:02:38]} Nbd7 {[%clk 01:23:30]} {[%emt 00:00:41]}
11. Nf3 {[%clk 01:26:13]} {[%emt 00:00:41]} O-O {[%clk 01:22:31]} {[%emt
00:01:31]} 12. O-O {[%clk 01:26:29]} {[%emt 00:00:14]} h6 {[%clk 01:22:06]}
{[%emt 00:00:55]} 13. Bf4 {[%clk 01:25:12]} {[%emt 00:01:45]} c5 {[%clk
01:20:45]} {[%emt 00:01:54]} 14. Rc1 {[%clk 01:19:49]} {[%emt 00:05:49]} c4
{[%clk 01:20:12]} {[%emt 00:01:07]} 15. Bb1 {[%clk 01:19:34]} {[%emt 00:00:44]}
Qe7 {[%clk 01:18:05]} {[%emt 00:02:37]} 16. Qa4 {[%clk 01:10:32]} {[%emt
00:09:30]} a5 {[%clk 01:12:14]} {[%emt 00:06:23]} 17. Rfe1 {[%clk 00:59:32]}
{[%emt 00:11:30]} Nb8 {[%clk 01:06:39]} {[%emt 00:06:05]} 18. Ne5 {[%clk
00:58:13]} {[%emt 00:01:49]} Nfd7 {[%clk 01:01:40]} {[%emt 00:05:30]} 19. Qc2
{[%clk 00:56:44]} {[%emt 00:01:58]} Nf6 {[%clk 01:00:21]} {[%emt 00:01:49]} 20.
a4 {[%clk 00:54:46]} {[%emt 00:02:28]} Qe8 {[%clk 00:51:57]} {[%emt 00:08:54]}
21. f3 {[%clk 00:46:32]} {[%emt 00:08:44]} Nbd7 {[%clk 00:45:58]} {[%emt
00:06:30]} 22. e4 {[%clk 00:41:05]} {[%emt 00:05:57]} dxe4 {[%clk 00:37:27]}
{[%emt 00:09:01]} 23. Nxd7 {[%clk 00:40:30]} {[%emt 00:01:05]} Bxd7 {[%clk
00:34:48]} {[%emt 00:03:09]} 24. fxe4 {[%clk 00:39:22]} {[%emt 00:01:36]} Bxa4
{[%clk 00:33:25]} {[%emt 00:01:54]} 25. Qd2 {[%clk 00:33:18]} {[%emt 00:06:33]}
Bc6 {[%clk 00:26:30]} {[%emt 00:07:26]} 26. e5 {[%clk 00:29:06]} {[%emt
00:04:39]} Nd7 {[%clk 00:19:26]} {[%emt 00:07:38]} 27. Qc2 {[%clk 00:25:03]}
{[%emt 00:04:32]} g6 {[%clk 00:09:45]} {[%emt 00:10:11]} 28. Bxh6 {[%clk
00:25:17]} {[%emt 00:00:16]} Qe6 {[%clk 00:07:03]} {[%emt 00:03:13]} 29. Bxf8
{[%clk 00:25:07]} {[%emt 00:00:39]} Rxf8 {[%clk 00:06:44]} {[%emt 00:00:50]}
30. Qd2 {[%clk 00:22:43]} {[%emt 00:02:53]} Qd5 {[%clk 00:03:54]} {[%emt
00:03:20]} 31. Be4 {[%clk 00:21:13]} {[%emt 00:01:57]} Qb5 {[%clk 00:03:12]}
{[%emt 00:01:15]} 32. Rb1 {[%clk 00:18:37]} {[%emt 00:03:01]} Qa4 {[%clk
00:01:25]} {[%emt 00:02:22]} 33. d5 {[%clk 00:18:07]} {[%emt 00:00:57]} Bb7
{[%clk 00:00:54]} {[%emt 00:01:05]} 34. e6 {[%clk 00:17:46]} {[%emt 00:00:51]}
fxe6 {[%clk 00:00:31]} {[%emt 00:00:52]} 35. dxe6 {[%clk 00:17:48]} {[%emt
00:00:28]} 1-0

[Event "ODJM B 2023"]
[Site "Willingen GER"]
[Date "2023.05.29"]
[Round "3"]
[White "Link, Moritz"]
[Black "Glotz, Richard"]
[Result "0-1"]
[Termination "normal"]
[Board "13"]
[WhiteElo "1589"]
[BlackElo "1591"]
[WhiteClock "00:22:02"]
[BlackClock "00:30:15"]
[PlyCount "85"]
[WhiteFideId "34605924"]
[BlackFideId "34601520"]
[EventCountry "GER"]
[EventRounds "9"]
[EventType "swiss"]
[EventDate "2023.05.27"]

1. e4 {[%clk 01:30:44]} {[%emt 00:00:15]} c5 {[%clk 01:30:53]} {[%emt
00:00:07]} 2. Nf3 {[%clk 01:30:58]} {[%emt 00:00:15]} Nc6 {[%clk 01:31:17]}
{[%emt 00:00:07]} 3. d4 {[%clk 01:31:23]} {[%emt 00:00:05]} cxd4 {[%clk
01:31:41]} {[%emt 00:00:07]} 4. Nxd4 {[%clk 01:31:52]} g6 {[%clk 01:31:59]}
{[%emt 00:00:11]} 5. c4 {[%clk 01:31:44]} {[%emt 00:00:37]} Bg7 {[%clk
01:32:23]} {[%emt 00:00:07]} 6. Be3 {[%clk 01:32:07]} {[%emt 00:00:07]} Nf6
{[%clk 01:32:46]} {[%emt 00:00:07]} 7. Nc3 {[%clk 01:32:04]} {[%emt 00:00:33]}
O-O {[%clk 01:33:09]} {[%emt 00:00:08]} 8. Be2 {[%clk 01:32:15]} {[%emt
00:00:19]} d6 {[%clk 01:33:33]} {[%emt 00:00:06]} 9. O-O {[%clk 01:32:25]}
{[%emt 00:00:19]} Nxd4 {[%clk 01:33:53]} {[%emt 00:00:11]} 10. Bxd4 {[%clk
01:32:46]} {[%emt 00:00:08]} Bd7 {[%clk 01:34:12]} {[%emt 00:00:11]} 11. Qd2
{[%clk 01:32:44]} {[%emt 00:00:32]} Bc6 {[%clk 01:34:33]} {[%emt 00:00:09]} 12.
Bd3 {[%clk 01:32:41]} {[%emt 00:00:33]} a5 {[%clk 01:23:04]} {[%emt 00:11:59]}
13. b3 {[%clk 01:32:16]} {[%emt 00:00:55]} Ng4 {[%clk 01:21:20]} {[%emt
00:02:14]} 14. Bxg7 {[%clk 01:32:18]} {[%emt 00:00:28]} Kxg7 {[%clk 01:21:48]}
{[%emt 00:00:02]} 15. Rae1 {[%clk 01:25:02]} {[%emt 00:07:46]} Ne5 {[%clk
01:14:13]} {[%emt 00:08:05]} 16. Bc2 {[%clk 01:17:32]} {[%emt 00:08:00]} Qb6
{[%clk 01:08:32]} {[%emt 00:06:11]} 17. Re3 {[%clk 01:06:25]} {[%emt 00:11:37]}
h6 {[%clk 00:57:34]} {[%emt 00:11:28]} 18. Kh1 {[%clk 01:05:07]} {[%emt
00:01:48]} Nd7 {[%clk 00:49:48]} {[%emt 00:08:17]} 19. Rh3 {[%clk 00:57:01]}
{[%emt 00:08:35]} Rh8 {[%clk 00:47:29]} {[%emt 00:02:49]} 20. f4 {[%clk
00:57:12]} {[%emt 00:00:20]} Nc5 {[%clk 00:42:13]} {[%emt 00:05:46]} 21. Qd4+
{[%clk 00:48:24]} {[%emt 00:09:18]} f6 {[%clk 00:40:09]} {[%emt 00:02:34]} 22.
Rg3 {[%clk 00:46:52]} {[%emt 00:02:02]} Na4 {[%clk 00:29:42]} {[%emt 00:10:57]}
23. Qd2 {[%clk 00:38:55]} {[%emt 00:08:26]} Nxc3 {[%clk 00:27:47]} {[%emt
00:02:26]} 24. Qxc3 {[%clk 00:39:23]} {[%emt 00:00:01]} e5 {[%clk 00:26:46]}
{[%emt 00:01:31]} 25. fxe5 {[%clk 00:27:57]} {[%emt 00:11:56]} dxe5 {[%clk
00:26:15]} {[%emt 00:01:02]} 26. Qf3 {[%clk 00:26:46]} {[%emt 00:01:40]} Be8
{[%clk 00:25:13]} {[%emt 00:01:32]} 27. Bd3 {[%clk 00:22:20]} {[%emt 00:04:56]}
Rd8 {[%clk 00:22:49]} {[%emt 00:02:53]} 28. c5 {[%clk 00:22:20]} {[%emt
00:00:32]} Qe6 {[%clk 00:21:23]} {[%emt 00:01:56]} 29. Bc4 {[%clk 00:22:22]}
{[%emt 00:00:27]} Qe7 {[%clk 00:20:41]} {[%emt 00:01:12]} 30. Bd5 {[%clk
00:20:22]} {[%emt 00:02:31]} Rf8 {[%clk 00:18:37]} {[%emt 00:02:33]} 31. Qe3
{[%clk 00:14:54]} {[%emt 00:05:58]} Rc8 {[%clk 00:17:25]} {[%emt 00:01:42]} 32.
Rh3 {[%clk 00:13:46]} {[%emt 00:01:38]} g5 {[%clk 00:16:20]} {[%emt 00:01:35]}
33. Rc1 {[%clk 00:14:14]} {[%emt 00:00:02]} Bd7 {[%clk 00:11:39]} {[%emt
00:05:11]} 34. Rf3 {[%clk 00:13:20]} {[%emt 00:01:24]} Bb5 {[%clk 00:07:41]}
{[%emt 00:04:28]} 35. Qc3 {[%clk 00:11:24]} {[%emt 00:02:25]} Qc7 {[%clk
00:06:43]} {[%emt 00:01:29]} 36. Be6 {[%clk 00:09:59]} {[%emt 00:01:56]} Rcd8
{[%clk 00:06:20]} {[%emt 00:00:52]} 37. Rh3 {[%clk 00:09:47]} {[%emt 00:00:42]}
Rd4 {[%clk 00:03:24]} {[%emt 00:03:26]} 38. Bf5 {[%clk 00:10:06]} {[%emt
00:00:11]} Rfd8 {[%clk 00:03:13]} {[%emt 00:00:41]} 39. Rg1 {[%clk 00:06:11]}
{[%emt 00:04:25]} Rd1 {[%clk 00:01:12]} {[%emt 00:02:30]} 40. Qe3 {[%clk
00:00:33]} {[%emt 00:06:09]} R8d3 {[%clk 00:00:32]} {[%emt 00:01:10]} 41. Qe2
{[%clk 00:21:34]} {[%emt 00:09:29]} Rxg1+ {[%clk 00:30:03]} {[%emt 00:00:59]}
42. Kxg1 {[%clk 00:22:02]} {[%emt 00:00:02]} Qxc5+ {[%clk 00:30:15]} {[%emt
00:00:18]} 43. Re3 {[%emt 00:03:18]} 0-1

[Event "ODJM B 2023"]
[Site "Willingen GER"]
[Date "2023.05.29"]
[Round "3"]
[White "Fettig, Konrad"]
[Black "Retzlaff, Kian"]
[Result "0-1"]
[Termination "normal"]
[Board "14"]
[WhiteElo "1601"]
[BlackElo "1663"]
[WhiteClock "00:32:42"]
[BlackClock "00:15:58"]
[PlyCount "82"]
[WhiteFideId "34622888"]
[BlackFideId "34606700"]
[EventCountry "GER"]
[EventRounds "9"]
[EventType "swiss"]
[EventDate "2023.05.27"]

1. e4 {[%clk 01:30:56]} {[%emt 00:00:01]} c5 {[%clk 01:30:54]} {[%emt
00:00:06]} 2. Nf3 {[%clk 01:31:17]} {[%emt 00:00:10]} Nc6 {[%clk 01:31:19]}
{[%emt 00:00:05]} 3. d4 {[%clk 01:31:34]} {[%emt 00:00:13]} cxd4 {[%clk
01:31:44]} {[%emt 00:00:04]} 4. Nxd4 {[%clk 01:31:41]} {[%emt 00:00:23]} Nf6
{[%clk 01:31:52]} {[%emt 00:00:23]} 5. Nc3 {[%clk 01:30:30]} {[%emt 00:01:41]}
e5 {[%clk 01:32:10]} {[%emt 00:00:12]} 6. Nf3 {[%clk 01:27:14]} {[%emt
00:03:46]} Bb4 {[%clk 01:28:00]} {[%emt 00:04:39]} 7. Bd3 {[%clk 01:21:57]}
{[%emt 00:05:48]} d6 {[%clk 01:23:00]} {[%emt 00:05:29]} 8. Bd2 {[%clk
01:17:28]} {[%emt 00:04:59]} O-O {[%clk 01:08:38]} {[%emt 00:14:50]} 9. O-O
{[%clk 01:14:31]} {[%emt 00:03:29]} Bg4 {[%clk 01:01:11]} {[%emt 00:07:59]} 10.
h3 {[%clk 01:13:49]} {[%emt 00:01:12]} Bh5 {[%clk 01:00:37]} {[%emt 00:01:03]}
11. a3 {[%clk 01:10:27]} {[%emt 00:03:53]} Ba5 {[%clk 00:59:54]} {[%emt
00:01:13]} 12. b4 {[%clk 01:08:27]} {[%emt 00:02:31]} Bb6 {[%clk 00:59:17]}
{[%emt 00:01:05]} 13. Be2 {[%clk 01:05:37]} {[%emt 00:03:20]} Bg6 {[%clk
00:48:48]} {[%emt 00:10:59]} 14. Bg5 {[%clk 00:59:25]} {[%emt 00:06:42]} a6
{[%clk 00:39:49]} {[%emt 00:09:29]} 15. Qd3 {[%clk 00:53:05]} {[%emt 00:06:51]}
Rc8 {[%clk 00:33:38]} {[%emt 00:06:41]} 16. Nh4 {[%clk 00:48:25]} {[%emt
00:04:42]} Bd4 {[%clk 00:32:13]} {[%emt 00:02:22]} 17. Nxg6 {[%clk 00:46:33]}
{[%emt 00:02:23]} hxg6 {[%clk 00:30:43]} {[%emt 00:01:59]} 18. Bg4 {[%clk
00:43:52]} {[%emt 00:03:11]} Nxb4 {[%clk 00:29:47]} {[%emt 00:01:27]} 19. axb4
{[%clk 00:42:52]} {[%emt 00:01:30]} Rxc3 {[%clk 00:29:57]} {[%emt 00:00:19]}
20. Qe2 {[%clk 00:40:16]} {[%emt 00:03:06]} Qc7 {[%clk 00:29:16]} {[%emt
00:01:11]} 21. Ra2 {[%clk 00:37:29]} {[%emt 00:03:18]} Nxg4 {[%clk 00:27:58]}
{[%emt 00:01:47]} 22. Qxg4 {[%clk 00:34:26]} {[%emt 00:03:33]} Rxc2 {[%clk
00:27:48]} {[%emt 00:00:41]} 23. Rxc2 {[%clk 00:34:52]} {[%emt 00:00:04]} Qxc2
{[%clk 00:28:09]} {[%emt 00:00:09]} 24. Be7 {[%emt 00:05:32]} Rc8 {[%clk
00:23:28]} 25. Bxd6 {[%clk 00:32:44]} {[%emt 00:02:47]} Qc6 {[%clk 00:21:28]}
{[%emt 00:02:30]} 26. Rb1 {[%clk 00:30:56]} {[%emt 00:02:17]} Bxf2+ {[%clk
00:16:05]} {[%emt 00:05:53]} 27. Kxf2 {[%clk 00:30:51]} {[%emt 00:00:35]} Qc2+
{[%clk 00:16:27]} {[%emt 00:00:08]} 28. Kg3 {[%clk 00:30:28]} {[%emt 00:00:53]}
Rc3+ {[%clk 00:16:38]} {[%emt 00:00:19]} 29. Kh2 {[%clk 00:30:34]} {[%emt
00:00:24]} Qxb1 {[%clk 00:16:54]} {[%emt 00:00:15]} 30. Qd7 {[%clk 00:30:40]}
{[%emt 00:00:24]} Qxe4 {[%clk 00:16:20]} {[%emt 00:01:03]} 31. Qe8+ {[%clk
00:30:18]} {[%emt 00:00:52]} Kh7 {[%clk 00:16:09]} {[%emt 00:00:41]} 32. Qxf7
{[%clk 00:30:31]} {[%emt 00:00:17]} Rc2 {[%clk 00:15:40]} {[%emt 00:00:59]} 33.
Qf1 {[%clk 00:30:32]} {[%emt 00:00:28]} Qf4+ {[%clk 00:15:21]} {[%emt
00:00:51]} 34. Qxf4 {[%clk 00:30:54]} {[%emt 00:00:08]} exf4 {[%clk 00:15:39]}
{[%emt 00:00:11]} 35. Bxf4 {[%clk 00:31:23]} {[%emt 00:00:02]} Rb2 {[%clk
00:15:41]} {[%emt 00:00:26]} 36. Bd6 {[%clk 00:31:50]} {[%emt 00:00:05]} b6
{[%clk 00:15:35]} {[%emt 00:00:36]} 37. Kg1 {[%clk 00:32:07]} {[%emt 00:00:13]}
a5 {[%clk 00:15:30]} {[%emt 00:00:34]} 38. bxa5 {[%clk 00:32:30]} {[%emt
00:00:07]} bxa5 {[%clk 00:15:55]} {[%emt 00:00:06]} 39. Kf1 {[%clk 00:32:29]}
{[%emt 00:00:31]} a4 {[%clk 00:16:13]} {[%emt 00:00:11]} 40. Ke1 {[%clk
00:32:23]} {[%emt 00:00:36]} Rb3 {[%clk 00:15:46]} {[%emt 00:00:57]} 41. Kd1
{[%clk 00:32:42]} {[%emt 00:00:12]} Rd3+ {[%clk 00:15:58]} {[%emt 00:00:17]}
0-1

[Event "ODJM B 2023"]
[Site "Willingen GER"]
[Date "2023.05.29"]
[Round "3"]
[White "Kanno, Clara Yumi"]
[Black "Törpel, Cedrik"]
[Result "1/2-1/2"]
[Termination "normal"]
[Board "15"]
[WhiteElo "1358"]
[BlackElo "1678"]
[WhiteClock "00:17:39"]
[BlackClock "00:10:10"]
[PlyCount "108"]
[WhiteFideId "16259661"]
[BlackFideId "34660380"]
[EventCountry "GER"]
[EventRounds "9"]
[EventType "swiss"]
[EventDate "2023.05.27"]

1. d4 {[%clk 01:30:58]} {[%emt 00:00:02]} Nf6 {[%clk 01:30:55]} {[%emt
00:00:05]} 2. Nf3 {[%clk 01:30:50]} {[%emt 00:00:37]} d5 {[%clk 01:31:19]}
{[%emt 00:00:06]} 3. e3 {[%clk 01:30:40]} {[%emt 00:00:40]} Bg4 {[%clk
01:29:29]} {[%emt 00:02:20]} 4. Nbd2 {[%clk 01:30:28]} {[%emt 00:00:42]} e6
{[%clk 01:29:06]} {[%emt 00:00:53]} 5. Bd3 {[%clk 01:29:40]} {[%emt 00:01:18]}
c5 {[%clk 01:28:48]} {[%emt 00:00:48]} 6. c3 {[%clk 01:29:42]} {[%emt
00:00:29]} Nc6 {[%clk 01:28:38]} {[%emt 00:00:40]} 7. O-O {[%clk 01:29:28]}
{[%emt 00:00:44]} Qc7 {[%clk 01:22:54]} {[%emt 00:06:14]} 8. Qe1 {[%clk
01:28:56]} {[%emt 00:01:01]} Bd6 {[%clk 01:20:10]} {[%emt 00:03:14]} 9. h3
{[%clk 01:27:55]} {[%emt 00:01:31]} Bh5 {[%clk 01:20:27]} {[%emt 00:00:13]} 10.
Bb5 {[%clk 01:25:51]} {[%emt 00:02:34]} a6 {[%clk 01:11:26]} {[%emt 00:09:32]}
11. Bxc6+ {[%clk 01:25:49]} {[%emt 00:00:31]} bxc6 {[%clk 01:11:47]} {[%emt
00:00:09]} 12. dxc5 {[%clk 01:22:55]} {[%emt 00:03:24]} Bxc5 {[%clk 01:11:50]}
{[%emt 00:00:28]} 13. b3 {[%clk 01:22:22]} {[%emt 00:01:03]} Bg6 {[%clk
01:07:25]} {[%emt 00:04:54]} 14. Qe2 {[%clk 01:18:33]} {[%emt 00:04:18]} h6
{[%clk 01:05:30]} {[%emt 00:02:26]} 15. Bb2 {[%clk 01:17:42]} {[%emt 00:01:22]}
O-O {[%clk 00:59:36]} {[%emt 00:06:24]} 16. c4 {[%clk 01:15:05]} {[%emt
00:03:06]} Ne4 {[%clk 00:55:38]} {[%emt 00:04:28]} 17. Nxe4 {[%clk 01:11:14]}
{[%emt 00:04:22]} Bxe4 {[%clk 00:55:43]} {[%emt 00:00:24]} 18. Nd4 {[%clk
01:04:38]} {[%emt 00:07:06]} e5 {[%clk 00:53:22]} {[%emt 00:02:52]} 19. Nc2
{[%clk 01:01:29]} {[%emt 00:03:37]} Qd6 {[%clk 00:50:53]} {[%emt 00:03:00]} 20.
f3 {[%clk 00:58:50]} {[%emt 00:03:09]} Bxc2 {[%clk 00:50:37]} {[%emt 00:00:46]}
21. Qxc2 {[%clk 00:58:45]} {[%emt 00:00:35]} Bxe3+ {[%clk 00:50:58]} {[%emt
00:00:09]} 22. Kh1 {[%clk 00:58:45]} {[%emt 00:00:30]} f5 {[%clk 00:44:02]}
{[%emt 00:07:27]} 23. cxd5 {[%clk 00:56:52]} {[%emt 00:02:22]} cxd5 {[%clk
00:43:38]} {[%emt 00:00:55]} 24. Rfe1 {[%clk 00:51:56]} {[%emt 00:05:26]} d4
{[%clk 00:42:25]} {[%emt 00:01:43]} 25. Rad1 {[%emt 00:02:12]} Rac8 {[%clk
00:40:34]} {[%emt 00:02:16]} 26. Qe2 {[%clk 00:49:26]} {[%emt 00:01:20]} Qg6
{[%clk 00:38:36]} {[%emt 00:02:30]} 27. Bc1 {[%clk 00:47:18]} {[%emt 00:02:39]}
f4 {[%clk 00:37:55]} {[%emt 00:01:11]} 28. Bxe3 {[%clk 00:47:12]} {[%emt
00:00:36]} fxe3 {[%clk 00:38:05]} {[%emt 00:00:19]} 29. Rc1 {[%clk 00:47:01]}
{[%emt 00:00:41]} Rc6 {[%clk 00:36:13]} {[%emt 00:02:22]} 30. Rc4 {[%clk
00:45:35]} {[%emt 00:01:56]} Rfc8 {[%clk 00:35:43]} {[%emt 00:01:00]} 31. Rec1
{[%clk 00:45:47]} {[%emt 00:00:18]} Rxc4 {[%clk 00:33:17]} {[%emt 00:02:56]}
32. bxc4 {[%clk 00:45:23]} {[%emt 00:00:55]} Rb8 {[%clk 00:31:05]} {[%emt
00:02:42]} 33. c5 {[%clk 00:44:40]} {[%emt 00:01:13]} Qc6 {[%clk 00:21:28]}
{[%emt 00:10:06]} 34. Kg1 {[%clk 00:41:26]} {[%emt 00:03:43]} Rb5 {[%clk
00:20:00]} {[%emt 00:01:59]} 35. Qc2 {[%clk 00:40:23]} {[%emt 00:01:33]} Kf7
{[%clk 00:17:03]} {[%emt 00:03:27]} 36. Kf1 {[%clk 00:36:24]} {[%emt 00:04:29]}
Kf6 {[%clk 00:16:33]} {[%emt 00:01:01]} 37. Kg1 {[%clk 00:32:49]} {[%emt
00:04:03]} Rb7 {[%clk 00:14:44]} {[%emt 00:02:20]} 38. Rd1 {[%clk 00:18:00]}
{[%emt 00:15:19]} Qd5 {[%clk 00:12:04]} {[%emt 00:03:11]} 39. Qa4 {[%clk
00:08:28]} {[%emt 00:10:01]} Qxc5 {[%clk 00:11:15]} {[%emt 00:01:19]} 40. Qxa6+
{[%clk 00:08:39]} {[%emt 00:00:20]} Qb6 {[%clk 00:10:37]} {[%emt 00:01:07]} 41.
Qc4 {[%clk 00:08:31]} {[%emt 00:00:34]} Rc7 {[%clk 00:07:07]} {[%emt 00:04:04]}
42. Qd3 {[%clk 00:08:18]} {[%emt 00:00:41]} Rc3 {[%clk 00:06:46]} {[%emt
00:00:54]} 43. Qe4 {[%clk 00:08:15]} {[%emt 00:00:32]} Qb2 {[%clk 00:05:29]}
{[%emt 00:01:48]} 44. Qh4+ {[%clk 00:04:05]} {[%emt 00:04:39]} Kf7 {[%clk
00:00:43]} {[%emt 00:05:16]} 45. Qh5+ {[%clk 00:29:21]} {[%emt 00:05:14]} Kg8
{[%clk 00:29:02]} {[%emt 00:02:11]} 46. Qe8+ {[%clk 00:28:39]} {[%emt
00:01:12]} Kh7 {[%clk 00:29:24]} {[%emt 00:00:08]} 47. Qxe5 {[%clk 00:27:42]}
{[%emt 00:01:28]} Qc2 {[%clk 00:14:30]} {[%emt 00:15:23]} 48. Qxd4 {[%clk
00:25:17]} {[%emt 00:02:56]} e2 {[%clk 00:12:24]} {[%emt 00:02:35]} 49. Re1
{[%clk 00:23:11]} {[%emt 00:02:34]} Rc4 {[%clk 00:10:40]} {[%emt 00:02:17]} 50.
Qd5 {[%clk 00:19:20]} {[%emt 00:04:18]} Qxa2 {[%clk 00:09:58]} {[%emt
00:01:14]} 51. Qf5+ {[%clk 00:17:38]} {[%emt 00:02:06]} Kg8 {[%clk 00:10:17]}
{[%emt 00:00:18]} 52. Qe6+ {[%clk 00:17:42]} {[%emt 00:00:24]} Kh7 {[%clk
00:10:04]} {[%emt 00:00:45]} 53. Qxe2 {[%clk 00:17:15]} {[%emt 00:00:56]} Qxe2
{[%clk 00:09:57]} {[%emt 00:00:37]} 54. Rxe2 {[%clk 00:17:39]} {[%emt
00:00:07]} Kg6 {[%clk 00:10:10]} {[%emt 00:00:17]} 1/2-1/2